00503 2200193 4500001002100000005001500021035002000036008004100056245006800097100002100165250000600186260004600192300001100238084001400249082000800263650001400271990001200285990001200297INLIS00000000000036920240503072354 a0010-0424000345240503 0 ind 1 aGamping : Potensi, Penambangan & Pemanfaatan /cIndah Setyowati aSetyowati, Indah a1 aYogyakarta :bPT. Citra Aji Parama,c2015 a59 hlm a600 IND g a600 4aNon Fiksi a0728574 a0728575